| 000 | 00550nam a2200229Ia 4500 | ||
|---|---|---|---|
| 005 | 20250425160702.0 | ||
| 008 | 250425s9999 xx 000 0 und d | ||
| 020 | _a9586530639 | ||
| 041 | _aspa | ||
| 082 | _a658.42 | ||
| 100 | _aCARR, CLAY | ||
| 245 | 0 | _aCOMO ELIMINAR PROBLEMAS GERENCIALES | |
| 250 | _a1A ED. | ||
| 260 | _aBOGOTA | ||
| 260 |
_aColombia _bLEGIS FONDO EDITORIAL _c1993 |
||
| 300 | _a364 | ||
| 650 | _aDESARROLLO ORGANIZACIONAL | ||
| 650 | _aGERENTES | ||
| 650 | _aTOMA DE DECISIONES | ||
| 942 | _c01 | ||
| 010 | _a2270 | ||
| 999 |
_c194080 _d194080 |
||